Study On Mixed Infection With Schistosoma Mansoni And Schistosoma Haematobium In Hamsters / (رقم التسجيلة. 178246)

تفاصيل مارك
000 -LEADER
fixed length control field 01473namaa22003251i 4500
005 - أخر تعامل مع التسجيلة
control field 20260328132853.0
008 - FIXED-LENGTH DATA ELEMENTS--GENERAL INFORMATION
fixed length control field 260208s1997 ua a|||frm||| 000 0 eng d
040 ## - CATALOGING SOURCE
Original cataloguing agency EG-GICUC
Language of cataloging eng
Transcribing agency EG-GICUC
Modifying agency EG-GICUC
Description conventions rda
041 0# - LANGUAGE CODE
Language code of text/sound track or separate title eng
Language code of summary or abstract eng
-- ara
049 ## - Acquisition Source
Acquisition Source Deposit
097 ## - Degree
Degree M.Sc
099 ## - LOCAL FREE-TEXT CALL NUMBER (OCLC)
Local Call Number Cai01.12.21.M.Sc.1997.Ra.S.
100 0# - MAIN ENTRY--PERSONAL NAME
Authority record control number or standard number Rabab Sayed Mohamed Zalat,
Preparation preparation.
245 10 - TITLE STATEMENT
Title Study On Mixed Infection With Schistosoma Mansoni And Schistosoma Haematobium In Hamsters /
Statement of responsibility, etc. By Rabab Sayed Mohamed Zalat; Supervision Committee Prof.Dr. Faiza M. EL-Assal, Prof.Dr. Hussein M. EL-Nahal, Dr. Manal F. EL-Garhy.
246 15 - VARYING FORM OF TITLE
Title proper/short title دراسة تأثير العدوى المزدوجة لبلهارسيا المستقيم وبلهارسيا المسالك البولية في الهامستر
264 #0 - PRODUCTION, PUBLICATION, DISTRIBUTION, MANUFACTURE, AND COPYRIGHT NOTICE
Date of production, publication, distribution, manufacture, or copyright notice 1997.
300 ## - PHYSICAL DESCRIPTION
Extent 91 Leaves :
Other physical details illustrations ;
Dimensions 30 cm. +
336 ## - CONTENT TYPE
Source rda content
Content type term text
337 ## - MEDIA TYPE
Source rdamedia
Media type term Unmediated
338 ## - CARRIER TYPE
Source rdacarrier
Carrier type term volume
502 ## - DISSERTATION NOTE
Dissertation note Thesis (M.Sc.) -Cairo University, 1997.
504 ## - BIBLIOGRAPHY, ETC. NOTE
Bibliography, etc. note Bibliography: pages 78-91.
653 #0 - INDEX TERM--UNCONTROLLED
Uncontrolled term Zoology
700 0# - ADDED ENTRY--PERSONAL NAME
Personal name Faiza M. EL-Assal
Relator term thesis advisor.
700 0# - ADDED ENTRY--PERSONAL NAME
Personal name Hussein M. EL-Nahal
Relator term thesis advisor.
700 0# - ADDED ENTRY--PERSONAL NAME
Personal name Manal F. EL-Garhy
Relator term thesis advisor.
900 ## - Thesis Information
Department Department of Zoology
Faculties Faculty of Science
Universities Cairo University
Grant date 1997
Supervisory body Faiza M. EL-Assal
-- Hussein M. EL-Nahal
-- Manal F. EL-Garhy
905 ## - Cataloger and Reviser Names
Cataloger Name Eman El gebaly
Reviser Names Nourhan
942 ## - ADDED ENTRY ELEMENTS (KOHA)
Source of classification or shelving scheme Dewey Decimal Classification
Koha item type Thesis
Edition 21
Suppress in OPAC No
المقتنيات
Source of classification or shelving scheme Home library Current library Date acquired Inventory number Full call number Barcode Date last seen Effective from Koha item type
Dewey Decimal Classification المكتبة المركزبة الجديدة - جامعة القاهرة مكتبة المئوية 08.02.2026 30718 Cai01.12.21.M.Sc.1997.Ra.S. 01010110030718000 08.02.2026 08.02.2026 Thesis
Cairo University Libraries Portal Implemented & Customized by: Eng. M. Mohamady Contacts: new-lib@cl.cu.edu.eg | cnul@cl.cu.edu.eg
CUCL logo CNUL logo
© All rights reserved — Cairo University Libraries
CUCL logo
Implemented & Customized by: Eng. M. Mohamady Contact: new-lib@cl.cu.edu.eg © All rights reserved — New Central Library
CNUL logo
Implemented & Customized by: Eng. M. Mohamady Contact: cnul@cl.cu.edu.eg © All rights reserved — Cairo National University Library